=LDR 00000nam 2200000 4500 =001 $a INLIS000000000008383 =005 $a 20260604095329 =008 $a 260604################g##########0#ind## =022 ##$$a 979-456-183-5 =035 ##$$a 0010-0626000010 =082 ##$$a 618.2 =084 ##$$a 618.2 MEU k =100 #$$a Meutia F. Swasono =245 ##$$a Kehamilan, Kelahiran, Perawatan Ibuy dan Bayi $b dalam konteks budaya $c Meutia F. Swasono =247 ##$$a =260 ##$$a Jakarta $b Universitas Indonesia (UI-Press) $c 1997 =300 ##$$a xiii; 344hlm $b ilus $c 23cm $e =310 ##$$a =321 ##$$a =520 #$$a buku ini berisikan tentang tanggung jawab reproduksi sesudah pascakelahiran ditunjukan pada masalah tumbuh kembang bayi untuk menjamin kelangsungan reproduksi sehat selanjutnya =650 #$$a kebidanan =700 #$$a =856 ##$$a =Wor $a 1